000 00337nam a22001457a 4500
003 OSt
005 20220322161144.0
008 220322b |||||||| |||| 00| 0 eng d
020 _a158488195x
040 _cHU
082 _a001.4'34
100 _aCox
_931236
245 _aThe Theory Of The Design Of Experiments
942 _2ddc
_cBOOKS
_n0
999 _c33446
_d33446